Participación social y cambio social : materiales para una sociología del asociacionismo.

I tiakina i:
Ngā taipitopito rārangi puna kōrero
Kaituhi matua: Meister, Albert (autor)
Ētahi atu kaituhi: Sagrera, Martín, tr (autor) tr, (autor)
Hōputu: Pukapuka
Reo:Pāniora
Ngā marau:
Ngā Tūtohu: Tāpirihia he Tūtohu
Kāore He Tūtohu, Me noho koe te mea tuatahi ki te tūtohu i tēnei pūkete!

MARC

LEADER 00000cam^a2200000uu^4500
001 000467819
005 20250521000000.0
008 050901s1971^^^^^^^^^^^^rd^r^^000^0^spa^d
009 20260310124454.886
035 |a FCE 000010549 
035 |a FCE 030875 
037 |a Acervo ITESO - Biblioteca 
041 |a spa 
082 0 4 |a 303.44  |b MEIp 
100 |a Meister, Albert  |e (autor) 
245 1 0 |a Participación social y cambio social :  |b materiales para una sociología del asociacionismo. 
264 |a Caracas :  |b Monte Avila,  |c 1971. 
300 |a 338 p. 
336 |a texto  |b txt  |2 rdacontenido 
337 |a sin mediación  |b n  |2 rdamedio 
338 |a volumen  |b nc  |2 rdasoporte 
649 |a XX 
650 |a Cambio social 
650 |a Historia 
650 |a Investigación social 
650 |a Participación social 
700 |a Sagrera, Martín,  |e tr  |e (autor) 
910 |a Fondo Centro de Estudios Educativos 
920 |a Impresos - Libros 
930 |a Fondos Especiales 
905 |a 133 
901 |a ALE030875  |b IT2  |c CEE  |u 20250521 
902 |a https://opac.biblio.iteso.mx/vufind/Record/000467819